Catálogo
 En Linea

La idea del descubrimiento de américa : (Registro nro. 11250)

Detalles MARC
000 -CABECERA
campo de control de longitud fija 00954nam a2200229 a 4500
001 - NÚMERO DE CONTROL
campo de control 000011555
005 - FECHA Y HORA DE LA ÚLTIMA TRANSACCIÓN
campo de control 20200929162506.0
008 - DATOS DE LONGITUD FIJA--INFORMACIÓN GENERAL
campo de control de longitud fija 091020s1951 mx 001 0 spa d
040 ## - FUENTE DE LA CATALOGACIÓN
Centro catalogador/agencia de origen DO-SdBNP
Lengua de catalogación spa
Centro/agencia transcriptor BNPHU
082 ## - NÚMERO DE LA CLASIFICACIÓN DECIMAL DEWEY
Número de clasificación 913.042
Número de documento/Ítem O35i
049 ## - FONDOS LOCALES (OCLC)
Fondos de biblioteca BNGR
100 1# - ENTRADA PRINCIPAL--NOMBRE DE PERSONA
Nombre de persona O'Gorman, Edmundo,
Fechas asociadas al nombre 1906-1995.
9 (RLIN) 16127
245 13 - MENCIÓN DE TÍTULO
Título La idea del descubrimiento de américa :
Resto del título historia de esa interpretación y crítica de sus fundamentos /
Mención de responsabilidad, etc. Edmundo O'Gorman.
260 ## - PUBLICACIÓN, DISTRIBUCIÓN, ETC.
Lugar de publicación, distribución, etc. México :
Nombre del editor, distribuidor, etc. Centro de Estudios Filosóficos,
Fecha de publicación, distribución, etc. 1951.
300 ## - DESCRIPCIÓN FÍSICA
Extensión 417.
490 1# - MENCIÓN DE SERIE
Mención de serie Ediciones del IV Centenario de la Universidad de México
Designación de volumen o secuencia 5
500 ## - NOTA GENERAL
Nota general Incluye índice alfabético: p.401-413
504 ## - NOTA DE BIBLIOGRAFÍA, ETC.
Nota de bibliografía, etc. Incluye referencias bibliográficas y notas al pie de las páginas.
650 #4 - PUNTO DE ACCESO ADICIONAL DE MATERIA--TÉRMINO DE MATERIA
Término de materia o nombre geográfico como elemento de entrada América
Subdivisión general Descubrimiento y exploraciones
Subdivisión geográfica Españoles
Subdivisión cronológica SIGLO XVI
9 (RLIN) 27366
830 #0 - PUNTO DE ACCESO ADICIONAL DE SERIE-TÍTULO UNIFORME
Título uniforme Ediciones del IV Centenario de la Universidad de México
Designación de volumen o secuencia 5
9 (RLIN) 27367
910 ## - DATOS DE OPCIÓN DEL USUARIO (OCLC)
Datos de opción del usuario Catalogación Original
Existencias
Estado de retiro Estado de pérdida Restricciones de uso No para préstamo Código de colección Localización permanente Ubicación/localización actual Ubicación en estantería Fecha de adquisición Número de inventario Total de préstamos Signatura topográfica completa Código de barras Fecha visto por última vez Precio válido a partir de Tipo de ítem Koha
    Préstamo interno   Monografías: Libros y Folletos General General En catalogación 20.10.2009 LF1   913.042 O35i 11555-10 25.06.2020 25.06.2020 Préstamo interno

Con tecnología Koha